Every Word that Starts with DJ - Statistics

General Stats
  • This quiz has been taken 2 times
  • The average score is 2 of 18
Answer Stats
Answer % Correct
Djin
100%
Djinn
50%
Djinni
50%
Djebel
0%
Djebels
0%
Djellaba
0%
Djellabah
0%
Djellabahs
0%
Djellabas
0%
Djembe
0%
Djembes
0%
Djibba
0%
Djibbah
0%
Djibbahs
0%
Djibbas
0%
Djinns
0%
Djinny
0%
Djins
0%
No matching quizzes found
Score Distribution
Percent of People with Each Score
Percentile by Number Answered
Your Score History
You have not taken this quiz